Riadenie metodických útvarov na základných a stredných školách

Bibliographic Details
Main Author: Blížkovský, Bohumír, 1929-2014 (Author)
Format: Article
Language:Slovak
Subjects:

MARC

LEADER 00000nab a2200000 a 4500
001 vtls000214567
003 SK-MaSNL
005 20260303213009.0
008 140301c1985 xo 0 slo
015 |a SNBRB19rr/mm-uuuuu 
035 |a CL0224681 
040 |a SNKBUCL  |b slo  |c SNKBUCL  |e AACR2 
041 0 |a slo 
044 |a xo  |c SK 
080 |a 371:373.3:373.5  |2 1981 
080 |a 373.3  |2 1981 
080 |a 373.5  |2 1981 
100 1 |a Blížkovský, Bohumír,  |d 1929-2014  |4 aut  |9 160742 
245 1 0 |a Riadenie metodických útvarov na základných a stredných školách  |c B. Blížkovský 
650 0 7 |a stredné školy  |2 snkbucl  |9 1279 
650 0 7 |a školy základné  |2 snkbucl  |9 390867 
650 0 7 |a útvary metodické  |2 snkbucl  |9 1246356 
655 7 |a články z novín a časopisov  |2 snkbucl  |9 267496 
773 0 |t Učiteľské noviny  |g Roč. 35, č. 17 (1985), s. 8 
850 |a Slovenská národná knižnica v Martine  |a MTA001 
852 |a SNK  |b KIS3GCP 
958 |a RK 
992 |a RBX 
999 |c 2210149  |d 2212079